Displaying pain : youth theater in the fight against HIV and AIDS in Swaziland /

Saved in:
Bibliographic Details
Main Author: Hoag, Bethany L.
Corporate Author: Harvard University. Department of Anthropology.
Format: Manuscript
Language:English
Published: 2006.
Subjects:
Tags: Add Tag
No Tags, Be the first to tag this record!
LEADER 01073ntm a2200289Ia 4500
001 010273602-2
005 20070405162249.0
008 070403s2006 xx a bm 000 0 eng d
035 0 |a ocn122269920 
040 |a TOZ  |c TOZ 
043 |a f-sq--- 
050 4 |a PN2041.A57  |b H63 2006 
100 1 |a Hoag, Bethany L. 
245 1 0 |a Displaying pain :  |b youth theater in the fight against HIV and AIDS in Swaziland /  |c by Bethany L. Hoag. 
260 |c 2006. 
300 |a 123 leaves :  |b ill. ;  |c 28 cm. 
500 |a Thesis presented to the Dept. of Anthropology and the Dept. of African and African-American Studies. 
502 |b B.A.  |c Harvard University  |d 2006 
504 |a Includes bibliographical references (leaves 118-123). 
650 0 |a Theater  |x Anthropological aspects  |z Swaziland. 
650 0 |a AIDS (Disease)  |z Swaziland. 
650 0 |a HIV infections  |z Swaziland. 
650 0 |a Theater and youth  |z Swaziland. 
650 0 |a Theater and society  |z Swaziland. 
710 2 |a Harvard University.  |b Department of Anthropology.  |t Senior honors theses. 
988 |a 20070403 
906 |0 MH